[Event "BL2-O9798"]
[Site "Germany"]
[Date "1997.??.??"]
[Round "3.6"]
[White "Grafe, Wilhelm"]
[Black "Haag, Wolfgang"]
[Result "0-1"]
[WhiteElo "2195"]
[BlackElo "2315"]

1.Nf3 Nf6 2.g3 g6 3.Bg2 Bg7 4.c4 O-O 5.O-O d6 6.Nc3 e5 7.d4 Nbd7 8.Bg5 h6
9.Bxf6 Qxf6 10.e3 exd4 11.Nxd4 c6 12.Nde2 Qe7 13.Rc1 h5 14.b4 Ne5 15.Ne4 Nxc4
16.Rxc4 d5 17.Rc5 dxe4 18.Qc2 Re8 19.b5 cxb5 20.Rc7 Qa3 21.Bxe4 Be5 22.Rxf7 Kxf7
23.Bxg6+ Kf8 24.Bxe8 Kxe8 25.Qe4 Qe7 26.Qg6+ Qf7 27.Qe4 Qf6 28.Qd5 a6 29.Rd1 Qe6
30.Qd8+ Kf7 31.Nd4 Qe7 32.Qd5+ Kg7 33.Qe4 Bf6 34.Nf5+ Bxf5 35.Qxf5 Rd8 36.Rxd8 Qxd8
37.Qxh5 Qd7 38.h4 b4 39.Qc5 Be7 40.Qe5+ Bf6 41.Qc5 b3 42.axb3 Qd1+ 43.Kg2 Qxb3
44.g4 Qe6 45.g5 Be7 46.Qd4+ Kg8 47.f3 b5 48.f4 b4 49.Kg3 a5 50.Qa7 b3 51.Qxa5 b2
52.Qb5 Qxe3+ 53.Kg4 Qg1+ 54.Kh5  0-1

[Event "NRW-Liga II 9697"]
[Site "Germany"]
[Date "1997.??.??"]
[Round "6.3"]
[White "Lingnau, Carsten"]
[Black "Kalka, Arkadius Georg"]
[Result "1-0"]
[WhiteElo "2395"]
[BlackElo "2305"]

1.Nf3 Nf6 2.c4 g6 3.g3 Bg7 4.Bg2 O-O 5.d4 d6 6.O-O Nc6 7.Nc3 a6 8.d5 Na5
9.Nd2 c5 10.Qc2 Rb8 11.b3 b5 12.Rb1 Bd7 13.Bb2 Qc8 14.e4 Bh3 15.Nd1 e5 16.Bc3 b4
17.Bb2 Nh5 18.Ne3 Bh6 19.Rbe1 Qd7 20.Qd1 Rbe8 21.Bc1 Nb7 22.Nf5 Bxf5 23.exf5 Nf6
24.Bh3 Bg7 25.Qf3 g5 26.Ne4 Nxe4 27.Rxe4 h6 28.Bg4 f6 29.Bh5 Ra8 30.h4 a5
31.Kg2 a4 32.Rh1 axb3 33.axb3 Ra2 34.Bg6 Qe7 35.Qh5 Rfa8 36.hxg5 fxg5 37.Rg4 Rc2
38.f6 Rxf2+ 39.Kxf2 Qxf6+ 40.Kg2 Ra2+ 41.Kh3  1-0

[Event "NRW-Liga I 9697"]
[Site "Germany"]
[Date "1997.??.??"]
[Round "7.3"]
[White "Schindler, Werner"]
[Black "Niermann, Michael"]
[Result "1-0"]
[WhiteElo "2310"]
[BlackElo "2280"]

1.Nf3 Nf6 2.c4 g6 3.g3 Bg7 4.Bg2 O-O 5.O-O d6 6.Nc3 e5 7.d3 Nc6 8.Rb1 a5
9.a3 h6 10.b4 axb4 11.axb4 Be6 12.b5 Ne7 13.Qc2 Qd7 14.Bb2 Bh3 15.Ra1 Rab8
16.Ra7 Bxg2 17.Kxg2 Nh5 18.e3 f5 19.Qe2 Nf6 20.e4 f4 21.h3 g5 22.Rg1 fxg3
23.fxg3 Ng6 24.Nh2 h5 25.Bc1 h4 26.Bxg5 hxg3 27.Kxg3 Nh7 28.Qh5 Nxg5 29.Qxg5 Nf4
30.Ng4 Qe6 31.Kh2 Qg6 32.Nh6+ Kh7 33.Qxg6+ Nxg6 34.Nf5 Bh6 35.Nd5 Rf7 36.Rg4 Bf4+
37.Kg2 Bh6 38.Kf3 Bf4 39.h4 Bh6 40.h5 Nf4 41.Nxf4 Bxf4 42.Rg6 Kh8 43.b6 cxb6
44.Rxd6 Rc7 45.Rxb6 Rd7 46.Ke2 Kg8 47.c5  1-0

[Event "Graz op"]
[Site "Graz"]
[Date "1997.??.??"]
[Round "7"]
[White "Bachler, Reinhardt"]
[Black "Mitkovski, Zarko"]
[Result "0-1"]
[WhiteElo "2205"]
[BlackElo "2120"]

1.Nf3 Nf6 2.c4 g6 3.g3 Bg7 4.Bg2 O-O 5.Nc3 d6 6.O-O e5 7.Rb1 Ne8 8.d4 Nc6
9.dxe5 dxe5 10.Qxd8 Nxd8 11.b3 Bf5 12.e4 Bg4 13.Ba3 Nd6 14.Bxd6 cxd6 15.Nb5 Nc6
16.Nxd6 b6 17.Nb5 Rad8 18.Rb2 Rd7 19.h3 Bxf3 20.Bxf3 a6 21.Na3 Rfd8 22.Nb1 Bf8
23.a3 a5 24.Kg2 Bc5 25.h4 Rd4 26.Re1 R8d6 27.Rc1 Rf6 28.Bd1 Rd3 29.Ra2 Bd4
30.Re2 Bc5 31.Ra2 Bd4 32.f3 Be3 33.Be2 Rxb3 34.Rd1 Nd4 35.Nd2 Bxd2 36.Rdxd2 Nxe2
37.Rxe2 Rfxf3 38.h5 Rxg3+ 39.Kf2 Rbf3+ 40.Ke1 Rxa3 41.Rxa3 Rxa3 42.Rb2 Re3+
43.Kd2 Rxe4 44.Rxb6 Rxc4 45.h6 Rc8 46.Ra6 Re8 47.Ke3 f5 48.Rxa5 Kf7 49.Ra7+ Re7
50.Ra8 Kf6 51.Rg8 e4 52.Kf4 Kf7 53.Rg7+ Kf8  0-1

[Event "Perenyi  Memorial"]
[Site "Gyula"]
[Date "1997.??.??"]
[Round "11"]
[White "Almasi, Istvan"]
[Black "Sax, Gyula"]
[Result "1-0"]
[WhiteElo "2415"]
[BlackElo "2545"]

1.Nf3 Nf6 2.c4 g6 3.g3 Bg7 4.Bg2 O-O 5.O-O d6 6.d4 Nc6 7.Nc3 Rb8 8.h3 a6
9.Be3 b5 10.Nd2 Bb7 11.d5 Ne5 12.cxb5 axb5 13.f4 Ned7 14.a3 e6 15.dxe6 fxe6
16.Bxb7 Rxb7 17.Nb3 b4 18.axb4 Rxb4 19.Nd4 Qe8 20.Ra7 Nb6 21.Bf2 Rf7 22.Qa1 Nfd5
23.Nc2 Rc4 24.Ne3 Nxe3 25.Bxe3 Qc6 26.Rc1 Rf8 27.Qa5 Rb8 28.Kh2 d5 29.Nb5 Rxc1
30.Rxc7 Qxb5 31.Rxg7+ Kxg7 32.Qxb5 Rc7 33.Bxb6  1-0

[Event "Wichern op"]
[Site "Hamburg"]
[Date "1997.??.??"]
[Round "8"]
[White "Thiede, Lars"]
[Black "Grote, Dirk"]
[Result "1-0"]
[WhiteElo "2335"]
[BlackElo "2195"]

1.c4 Nf6 2.g3 g6 3.Bg2 Bg7 4.Nf3 O-O 5.O-O d6 6.Nc3 c5 7.a3 Nc6 8.Rb1 e5
9.d3 Re8 10.Ne1 h6 11.b4 Nh7 12.bxc5 dxc5 13.Be3 Bf8 14.Na4 Nd4 15.Nc2 Rb8
16.Nc3 Ng5 17.Bd2 Kh7 18.Ne3 a6 19.Ned5 f5 20.e3 Nde6 21.Rb6 Bd7 22.Qb3 Bc6
23.f4 exf4 24.gxf4 Nf7 25.Nf6+ Qxf6 26.Bxc6 Red8 27.Nd5 Qh4 28.Rxb7 Rxb7
29.Qxb7 Kg8 30.Bd7 Qg4+ 31.Kf2 Qh4+ 32.Ke2 Qxh2+ 33.Kd1  1-0

[Event "Heart of Finland op"]
[Site "?"]
[Date "1997.??.??"]
[Round "4"]
[White "Nykopp, Jan Michael F"]
[Black "Zitin, Yuri"]
[Result "1-0"]
[WhiteElo "2255"]
[BlackElo "2205"]

1.Nf3 Nf6 2.c4 g6 3.g3 Bg7 4.Bg2 O-O 5.O-O d5 6.cxd5 Nxd5 7.Nc3 Nxc3 8.bxc3 c5
9.Qa4 Bd7 10.Qh4 Bc6 11.d4 cxd4 12.cxd4 Qd5 13.Bg5 e6 14.Rfe1 Qe4 15.Qh3 Bxd4
16.Nxd4 Qxd4 17.e4 Nd7 18.Rad1 Qb4 19.e5 Rfc8 20.Bxc6 Rxc6 21.a3 Qa5 22.Qh6 f6
23.exf6 Nxf6 24.Bxf6 Qc7 25.Be5 Qe7 26.Rc1 Rf8 27.Rxc6 bxc6 28.Qe3  1-0

[Event "Herlev op"]
[Site "Herlev"]
[Date "1997.??.??"]
[Round "8"]
[White "Sorensen, Torben"]
[Black "Jakobsen, Ole"]
[Result "1/2-1/2"]
[WhiteElo "2300"]
[BlackElo "2370"]

1.Nf3 Nf6 2.g3 g6 3.Bg2 Bg7 4.c4 O-O 5.Nc3 d6 6.O-O c6 7.d3 e5 8.Bd2 Re8
9.Qc1 Nbd7 10.Bg5 Qe7 11.b4 Qf8 12.b5 h6 13.bxc6 bxc6 14.Bxf6 Nxf6 15.Nd2 Bd7
16.Rb1 Rec8 17.Qa3 Be6 18.Nde4 Nxe4 19.Nxe4 d5 20.Qxf8+ Bxf8 21.cxd5  1/2-1/2

[Event "Highgate Masters"]
[Site "Highgate"]
[Date "1997.??.??"]
[Round "7"]
[White "Campbell, Eoin"]
[Black "Mah, Karl"]
[Result "0-1"]
[WhiteElo "2050"]
[BlackElo "2365"]

1.Nf3 Nf6 2.c4 g6 3.g3 Bg7 4.Bg2 O-O 5.O-O d6 6.d4 Nc6 7.Nc3 a6 8.h3 Rb8
9.e4 b5 10.e5 Nd7 11.e6 fxe6 12.Ng5 Nxd4 13.Be3 h6 14.Bxd4 hxg5 15.Ba7 Rb7
16.Bxb7 Bxb7 17.Bd4 Bxd4 18.Qxd4 Ne5 19.Qa7 Nf3+ 20.Kg2 Qc8 21.Rfc1 b4 22.Ne2 c5
23.Qb6 Ne5+ 24.Kg1 Nd7  0-1

[Event "Hockenheim op"]
[Site "Hockenheim"]
[Date "1997.??.??"]
[Round "9"]
[White "Shpilker, Boris"]
[Black "Solomunovic, Igor"]
[Result "1-0"]
[WhiteElo "2370"]
[BlackElo "2350"]

1.Nf3 Nf6 2.c4 g6 3.g3 Bg7 4.Bg2 O-O 5.O-O d6 6.d4 Nc6 7.Nc3 e5 8.d5 Ne7
9.c5 Ne8 10.cxd6 cxd6 11.Bd2 h6 12.e4 f5 13.Qb3 f4 14.gxf4 exf4 15.Ne2 g5
16.Nfd4 Ng6 17.f3 Nh4 18.Rac1 Be5 19.Ne6 Bxe6 20.dxe6 Qe7 21.Bh3 Ng7 22.Nc3 Bxc3
23.Rxc3 Rae8 24.Rfc1 Nxe6 25.Kh1 Rf7 26.Qd5 Nc5 27.Bg4 Qe5 28.b4 Nxe4 29.fxe4 Qxe4+
30.Qxe4 Rxe4 31.Rc8+ Rf8 32.Re1 Rxc8 33.Bxc8 Rd4 34.Bc3 Rd3 35.Rc1 b6 36.Ba6 Re3
37.Bd4 Re7 38.Bf2 Ng6 39.Rc8+ Kg7 40.Bd4+ Ne5 41.Rd8 Kg6 42.Rxd6+ Kh5 43.Kg2 f3+
44.Kg3 Ng6 45.Kxf3 Nh4+ 46.Kf2 Nf5 47.Be2+ Rxe2+ 48.Kxe2 Nxd6 49.Be5 Nf7
50.Bb8 a6 51.Kf3 Kg6  1-0

[Event "HUN-chT2 9798"]
[Site "HUN"]
[Date "1997.??.??"]
[Round "?"]
[White "Kovacs, Istvan"]
[Black "Paszler, Jozsef"]
[Result "1-0"]
[WhiteElo "2220"]
[BlackElo "2280"]

1.Nf3 Nf6 2.c4 g6 3.g3 Bg7 4.Bg2 O-O 5.O-O d6 6.d4 Nbd7 7.Nc3 c6 8.h3 e5
9.e4 Qe7 10.Re1 Re8 11.Be3 Nb6 12.b3 Qc7 13.Rc1 Bd7 14.c5 dxc5 15.dxe5 Nh5
16.g4 Rad8 17.Qc2  1-0

[Event "HUN-chT2 9798"]
[Site "HUN"]
[Date "1997.??.??"]
[Round "?"]
[White "Filep, Tibor"]
[Black "Pacsay, Laszlo"]
[Result "1/2-1/2"]
[WhiteElo "2240"]
[BlackElo "2280"]

1.Nf3 Nf6 2.g3 g6 3.c4 Bg7 4.Bg2 O-O 5.Nc3 d6 6.d4 Nbd7 7.O-O e5 8.e4 c6
9.Re1 a6 10.Rb1 Rb8 11.b4 exd4 12.Nxd4 Ne5 13.Qe2 Re8 14.Bf4 Nh5 15.Rbd1 Nxf4
16.gxf4 Nd7 17.Qd3 Nf8 18.Nde2 Be6 19.f5 Bd7 20.fxg6 hxg6 21.Qxd6 Be5 22.Qd3 Qh4  1/2-1/2

[Event "HUN-chT2 9798"]
[Site "HUN"]
[Date "1997.??.??"]
[Round "?"]
[White "Bencze, Laszlo"]
[Black "Marosi, Gyorgy"]
[Result "0-1"]
[WhiteElo "2300"]
[BlackElo "2265"]

1.Nf3 Nf6 2.c4 g6 3.g3 Bg7 4.Bg2 O-O 5.O-O c5 6.Nc3 Nc6 7.d4 d6 8.d5 Na5
9.Nd2 e5 10.a3 b6 11.e3 Ne8 12.Qc2 f5 13.f4 Qe7 14.Nd1 Nf6 15.Nf2 Bd7 16.Rb1 Rae8
17.Nf3 exf4 18.gxf4 Ne4 19.Nxe4 Qxe4 20.Qxe4 Rxe4 21.b3 Rfe8 22.Kf2 b5 23.Bd2 Nxc4
24.bxc4 Rxc4 25.Rfe1 Ra4 26.Bc1 Bc3 27.Rd1 b4 28.axb4 Ra2+ 29.Rd2 Bxd2 30.Bxd2 Rb8
31.Kg3 a5 32.Bf1 cxb4 33.Bc4 Rc2 34.Bb3 Rc5 35.Ra1 a4 36.Bxa4 Ra5 37.Bxd7 Rxa1
38.Nd4 b3  0-1

[Event "HUN-chT2 9798"]
[Site "HUN"]
[Date "1997.??.??"]
[Round "?"]
[White "Gyarmati, Peter"]
[Black "Darazs, Zoltan"]
[Result "0-1"]
[WhiteElo "2135"]
[BlackElo "2240"]

1.Nf3 Nf6 2.c4 g6 3.g3 Bg7 4.Bg2 O-O 5.O-O d5 6.cxd5 Nxd5 7.Nc3 Nxc3 8.bxc3 c5
9.d4 Nc6 10.e3 Bf5 11.Ba3 cxd4 12.exd4 Qa5 13.Bb2 Rfd8 14.Qb3 Qc7 15.Ng5 e6
16.f4 Na5 17.Qb5 a6 18.Qe2 h6 19.Nf3 Bg4 20.h3 Bxf3 21.Bxf3 Rac8 22.Rac1 Qc4
23.Qxc4 Nxc4 24.Ba1 Rc7 25.Kf2 Rdc8 26.Rfd1 b5 27.Rb1 Nb6 28.Rb3 Na4 29.Rd3 Nb6
30.Ke2 Bf6 31.Bb2 Nc4 32.Bc1 Kg7 33.Bd2 Nb6 34.Be1 Nd5 35.Bxd5 exd5 36.Bd2 Re8+
37.Re3 Rxe3+ 38.Bxe3 Rc4 39.Ra3 Rc6 40.Kd3 Be7 41.Rb3 f5 42.Rb2 g5 43.Rf2 Kg6
44.g4 Rf6 45.Rg2 fxg4 46.Rxg4 Rf5 47.fxg5 Bxg5 48.Bxg5 Rxg5 49.Ke3 Kf6 50.Rf4+ Ke7
51.Kf2 Rg6 52.Rh4 Rc6 53.Rh5 Rxc3 54.Rxh6 Rc2+ 55.Ke3 Rxa2 56.Kf4 b4 57.Ke5 a5
58.Kxd5 b3 59.Rb6 a4 60.Rb4 b2 61.Kc6 a3 62.d5 Ra1 63.d6+ Ke6  0-1

[Event "HUN-chT2 9798"]
[Site "HUN"]
[Date "1997.??.??"]
[Round "?"]
[White "Rigan, Jozsef"]
[Black "Demeny, Antal"]
[Result "1-0"]
[WhiteElo "2230"]
[BlackElo "2210"]

1.Nf3 Nf6 2.c4 g6 3.g3 Bg7 4.Bg2 O-O 5.O-O d6 6.d4 Nbd7 7.Nc3 e5 8.dxe5 dxe5
9.Qc2 c6 10.Rd1 Re8 11.e4 Qc7 12.b3 Nc5 13.Ba3 Bf8 14.h3 a5 15.Bf1 b6 16.Kh2 Bb7
17.Bc1 Ne6 18.Bb2 Bg7 19.Bg2 Rad8 20.Na4 Nd7 21.Rac1 c5 22.Nc3 Nd4 23.Qb1 Bh6
24.Nd2 Qd6 25.Nd5 Nf6 26.Rc3 Nxd5 27.exd5 f5 28.Rd3 e4 29.Re3 Bxe3 30.fxe3 Nf3+
31.Bxf3 exf3 32.e4 Bc8 33.Qd3 g5 34.e5 Qh6 35.Nxf3 f4 36.h4 fxg3+ 37.Kxg3 gxh4+
38.Kf2 Qf4 39.Rg1+ Bg4 40.Bc1 Qg3+ 41.Rxg3 hxg3+ 42.Kxg3 h5 43.Qg6+  1-0

[Event "HUN-chT 9798"]
[Site "Hungary"]
[Date "1997.??.??"]
[Round "?"]
[White "Kovacs, Adrian"]
[Black "Kiss, Gedeon"]
[Result "1/2-1/2"]
[WhiteElo "2180"]
[BlackElo "2190"]

1.Nf3 Nf6 2.c4 g6 3.g3 Bg7 4.Bg2 O-O 5.Nc3 d6 6.O-O Nc6 7.Rb1 e5 8.d3 a5
9.a3 h6 10.b4 axb4 11.axb4 Nh5 12.Nd5 f5 13.Bb2 Nf6 14.Nxf6+ Qxf6 15.b5 Ne7
16.Qb3 Qf7 17.Nd2 f4 18.Ba3 Rb8 19.Qa4 Be6 20.Bb4 g5 21.Qa7 Nf5 22.c5 Nd4
23.cxd6 Nxb5 24.Qa5 Nxd6 25.Ne4 Rfd8 26.Rfc1  1/2-1/2

[Event "HUN-chT 9798"]
[Site "Hungary"]
[Date "1997.??.??"]
[Round "?"]
[White "Kustar, Sandor"]
[Black "Sherzer, Alex"]
[Result "1-0"]
[WhiteElo "2380"]
[BlackElo "2495"]

1.Nf3 Nf6 2.c4 g6 3.g3 Bg7 4.Bg2 O-O 5.d4 d6 6.O-O Nc6 7.Nc3 Rb8 8.h3 a6
9.a4 a5 10.e4 e5 11.d5 Nb4 12.c5 Nd7 13.cxd6 cxd6 14.Be3 b6 15.Re1 Nc5 16.Bf1 f5
17.exf5 gxf5 18.Ng5 Qf6 19.Bc4 h6 20.Nf3 Kh8 21.Ra3 Rb7 22.Nh4 Rg8 23.Kh2 e4
24.Re2 Nbd3 25.Rd2 Re7 26.Qh5 Kh7 27.Ne2 Ne5 28.Bb5 Bh8 29.Nd4 Rf7 30.Rc3 Rg5
31.Bxg5 Qxg5 32.Qe2 Ng6 33.Be8 Nxh4 34.Bxf7 Be5 35.Ne6 Qe7 36.Qh5 Bxc3 37.bxc3 Nf3+
38.Kg2 Qf6 39.Bg6+ Kg8 40.Qxh6 Nxe6 41.dxe6 Bxe6 42.Rxd6 f4 43.Rxe6 Qxe6
44.Bh7+  1-0

[Event "HUN-chT 9798"]
[Site "Hungary"]
[Date "1997.??.??"]
[Round "?"]
[White "Szekely, Peter"]
[Black "Szuk, Balazs"]
[Result "1-0"]
[WhiteElo "2455"]
[BlackElo "2340"]

1.Nf3 Nf6 2.c4 g6 3.g3 Bg7 4.Bg2 O-O 5.d4 d6 6.Nc3 c5 7.O-O Nc6 8.dxc5 dxc5
9.Be3 Be6 10.Qa4 Nd4 11.Rac1 Nd7 12.b3 Qc8 13.Rfd1 Nxf3+ 14.exf3 Ne5 15.Nd5 Re8
16.Qa3 b6 17.b4 cxb4 18.Qxb4 Bxd5 19.Rxd5 Qe6 20.Bf4 Rac8 21.Qb5 Nc6 22.Be3 Ne5
23.h3 a6 24.Qxb6 Qxb6 25.Bxb6 Nxc4 26.Ba7 Rc7 27.Bd4 e5 28.Ba1 Rec8 29.Bf1 a5
30.Bxc4 Rxc4 31.Rxc4 Rxc4 32.Rd8+ Bf8 33.Bxe5 Rc1+ 34.Kg2 Rc6 35.Ra8 Re6
36.Bd4 Rc6 37.Rxa5 f5 38.Ra8 Kf7 39.Ra7+ Be7 40.Be3 Ke6 41.a4 h5 42.a5 Bb4
43.a6 Kd5 44.Ra8 Bc5 45.Bxc5 Kxc5 46.a7 Kb6 47.g4 fxg4 48.fxg4 hxg4 49.hxg4 Kb7
50.Rg8 Kxa7 51.Kg3 Kb7 52.f4 Kc7 53.Kh4  1-0

[Event "HUN-chT 9798"]
[Site "Hungary"]
[Date "1997.??.??"]
[Round "?"]
[White "Vadasz, Laszlo"]
[Black "Zsinka, Laszlo"]
[Result "1/2-1/2"]
[WhiteElo "2365"]
[BlackElo "2360"]

1.Nf3 Nf6 2.c4 g6 3.g3 Bg7 4.Bg2 O-O 5.O-O d6 6.Nc3 Nc6 7.d4 Bg4 8.d5 Na5
9.Nd2 c5 10.Qc2 a6 11.h3 Bd7 12.b3 b5 13.Bb2 Rb8 14.Nd1 e5 15.e3 Nh5 16.Kh2 f5
17.f4 Qe7 18.Bc3 Nb7 19.a4 b4 20.Bb2 Rbe8 21.Nf2 Na5 22.Bf3 exf4 23.exf4 Bxb2
24.Qxb2 Qf6 25.Qxf6 Nxf6 26.Rae1 Kf7 27.Bd1 Rxe1 28.Rxe1 Re8 29.Rxe8 Kxe8
30.g4  1/2-1/2

[Event "HUN-chT 9798"]
[Site "Hungary"]
[Date "1997.??.??"]
[Round "?"]
[White "Fancsy, Imre"]
[Black "Kiss, Attila"]
[Result "1/2-1/2"]
[WhiteElo "2345"]
[BlackElo "2425"]

1.Nf3 Nf6 2.c4 g6 3.g3 Bg7 4.Bg2 O-O 5.d4 d6 6.Nc3 Nc6 7.O-O a6 8.d5 Na5
9.b3 c5 10.dxc6 Nxc6 11.Bb2 Bd7 12.Ne1 Qa5 13.Nd3 Rac8 14.Qd2  1/2-1/2

[Event "HUN-chT 9798"]
[Site "Hungary"]
[Date "1997.??.??"]
[Round "?"]
[White "Almasi, Istvan"]
[Black "Poor, Istvan"]
[Result "1-0"]
[WhiteElo "2415"]
[BlackElo "2305"]

1.Nf3 Nf6 2.c4 g6 3.g3 Bg7 4.Bg2 O-O 5.O-O d6 6.d4 Nc6 7.Nc3 a6 8.h3 Re8
9.Be3 Rb8 10.Rc1 e5 11.dxe5 dxe5 12.Qxd8 Nxd8 13.Rfd1 Bf5 14.g4 Be4 15.g5 Bxf3
16.Bxf3 Nh5 17.Rd7 Ne6 18.Bg4 Nhf4 19.Nd5 Red8 20.Rxd8+ Rxd8 21.Rd1 Nxd5
22.Rxd5 Rxd5 23.cxd5 Nf4 24.Bc8 Nxd5 25.Bd2 b6 26.Bxa6 Bf8 27.a3 c5 28.Bc4 Nc7
29.a4 Bd6 30.Kg2 Kg7 31.Kf3 f5 32.gxf6+ Kxf6 33.h4 Kf5 34.Bd3+ Ke6 35.Ke4 Be7
36.Bc3 Bxh4 37.Bxe5 Kd7 38.f4 g5 39.f5 g4 40.Bc4 Ne8 41.Kf4 Nf6 42.e4 g3
43.Bf1 h5 44.Bxf6 Bxf6 45.e5 Bh8 46.f6 h4 47.Kf5 c4 48.Bg2 Bxf6 49.Kxf6  1-0

[Event "Isle of Man op"]
[Site "Isle of Man"]
[Date "1997.??.??"]
[Round "2"]
[White "Campbell, Eoin"]
[Black "Coleman, David"]
[Result "0-1"]
[WhiteElo "2050"]
[BlackElo "2230"]

1.Nf3 Nf6 2.c4 g6 3.g3 Bg7 4.Bg2 O-O 5.O-O d6 6.d4 Nc6 7.Nc3 Rb8 8.h3 a6
9.e4 b5 10.e5 Nd7 11.cxb5 axb5 12.Ng5 Nxd4 13.Qxd4 Nxe5 14.Qa7 Bd7 15.Be3 h6
16.Nge4 e6 17.Rac1 d5 18.Nd2 Ra8  0-1

[Event "Isle of Man op"]
[Site "Isle of Man"]
[Date "1997.??.??"]
[Round "5"]
[White "Donaldson, John W"]
[Black "David, Alberto"]
[Result "1/2-1/2"]
[WhiteElo "2430"]
[BlackElo "2460"]

1.Nf3 Nf6 2.c4 g6 3.g3 Bg7 4.Bg2 O-O 5.Nc3 d5 6.cxd5 Nxd5 7.O-O Nc6 8.d4 Nb6
9.d5 Na5 10.Bf4 c6 11.dxc6 Nxc6 12.Qc1 Bg4 13.Rd1 Qc8 14.Bh6 Bxf3 15.Bxf3 Qe6
16.Bxg7 Kxg7 17.Qf4 Rac8 18.Nb5 Qc4 19.Qxc4 Nxc4 20.b3 N4e5 21.Bg2 a6 22.Nd4 Rc7
23.Nxc6 Nxc6 24.Rac1 Rfc8 25.f4 Kf8 26.Kf2 Ke8 27.Be4  1/2-1/2

[Event "Isle of Man op"]
[Site "Isle of Man"]
[Date "1997.??.??"]
[Round "6"]
[White "Donaldson, John W"]
[Black "Agnos, Demetrios"]
[Result "0-1"]
[WhiteElo "2430"]
[BlackElo "2515"]

1.Nf3 Nf6 2.c4 g6 3.g3 Bg7 4.Bg2 O-O 5.Nc3 d6 6.O-O Nc6 7.d3 e5 8.Rb1 a5
9.a3 h6 10.b4 axb4 11.axb4 Be6 12.b5 Ne7 13.Qb3 Qd7 14.Rd1 Bh3 15.Bh1 Ng4
16.d4 exd4 17.Nxd4 Nf5 18.Nf3 Qe6 19.e3 c6 20.Ne2 g5 21.Bd2 Rfe8 22.Re1 Qg6
23.Ned4 Nxd4 24.exd4 Qf5 25.Be3 Re7 26.bxc6 bxc6 27.Bg2 Bxg2 28.Kxg2 Rae8
29.Rbd1 Nf6 30.Qd3 Ne4 31.Qb1 Qd7 32.Qc2 f5 33.d5 c5 34.Bc1 f4 35.Nd2 Nxf2  0-1

[Event "Isle of Man op"]
[Site "Isle of Man"]
[Date "1997.??.??"]
[Round "8"]
[White "Donaldson, John W"]
[Black "Coleman, David"]
[Result "1/2-1/2"]
[WhiteElo "2430"]
[BlackElo "2230"]

1.Nf3 Nf6 2.c4 g6 3.g3 Bg7 4.Bg2 O-O 5.Nc3 d6 6.O-O Nc6 7.d3 e5 8.Rb1 a5
9.a3 Nd4 10.b4 axb4 11.axb4 c6 12.Bg5 h6 13.Bxf6 Bxf6 14.b5 h5 15.bxc6 bxc6
16.Nxd4 exd4 17.Ne4 Be7 18.Qc2 Ra6 19.Rb8 Qc7 20.Rfb1 Qa7 21.Qc1 Ra2 22.Bf3 Qa5
23.h4 Qe5 24.Qh6 Qg7 25.Qxg7+ Kxg7 26.R1b6 Bd7 27.Rxf8 Bxf8 28.Ng5 f6 29.Ne4 Ra7
30.Nd2 Rc7 31.Nb3 c5 32.Na5 Bg4 33.Kg2 Bxf3+ 34.Kxf3 Kf7 35.Nc6 Ke6 36.Ra6 Kd7
37.Na7 Ke6 38.Nb5 Rd7 39.Rc6 Be7 40.Nc7+ Kf7 41.Nd5 Bd8 42.Ra6 f5 43.Kg2 Ke6
44.Ra8 Kf7 45.Kf1 Bf6 46.Ke1 Bg7 47.Kd2 Bh6+ 48.Kc2 Rb7 49.Rd8 Ke6 50.Rh8 Bg7
51.Nf4+ Kf7 52.Rd8 Ke7 53.Ra8 Kf7 54.Ra6 Bf8 55.e3 Bg7 56.Rxd6 Rb2+ 57.Kd1 Rxf2
58.Rd7+ Kg8 59.Rd8+ Kf7 60.Rd7+ Kg8 61.exd4 Bxd4 62.Rd6 Kf7 63.Rd7+ Ke8 64.Rd6 Kf7
65.Rd7+ Ke8 66.Rd6  1/2-1/2

[Event "World Cities"]
[Site "Jakarta "]
[Date "1997.??.??"]
[Round "4"]
[White "Ginting, Nasib"]
[Black "Bancod, Ronald"]
[Result "0-1"]
[WhiteElo "2425"]
[BlackElo "2405"]

1.Nf3 Nf6 2.c4 g6 3.g3 Bg7 4.Bg2 O-O 5.O-O d6 6.d4 c5 7.b3 Nc6 8.Bb2 cxd4
9.Nxd4 Bd7 10.Nc3 Nxd4 11.Qxd4 Bc6 12.Nd5 Bxd5 13.Bxd5 Nh5 14.Qd2 Bxb2 15.Qxb2 Qb6
16.Rad1 Nf6 17.Bg2 Rfc8 18.Rd4 a5 19.Rfd1 Rc5 20.e3 Kg7 21.a3 Rac8 22.Bf1 h5
23.b4 axb4 24.axb4 Ra8 25.Rb1 Ra7 26.Rd5 Rc8 27.Rb5 Qc7 28.Qd4 Ra2 29.Bg2 e5
30.Qd1 Qxc4 31.Rxb7 e4 32.b5 Ng4 33.Rc1 Qb4 34.Qd5 Rxf2 35.Rf1 Rxg2+ 36.Kh1 Rxh2+
37.Kg1 Rg2+  0-1

[Event "Klatovy op-B"]
[Site "Klatovy"]
[Date "1997.??.??"]
[Round "?"]
[White "Peniska, P."]
[Black "Hadac, Pavel Jr"]
[Result "0-1"]
[WhiteElo "1880"]
[BlackElo "1695"]

1.c4 Nf6 2.Nf3 g6 3.g3 Bg7 4.Bg2 O-O 5.O-O d6 6.d4 c6 7.Nc3 Na6 8.h3 Bd7
9.e4 Qc8 10.Kh2 c5 11.d5 Nc7 12.a4 a6 13.a5 Rb8 14.Re1 b5 15.axb6 Rxb6 16.e5 dxe5
17.Nxe5 Nce8 18.Na4 Bxa4 19.Rxa4 Nd6 20.Nc6 Nf5 21.Rxe7 Rxc6  0-1

[Event "Klatovy op-A"]
[Site "Klatovy"]
[Date "1997.??.??"]
[Round "?"]
[White "Jirovsky, Milos"]
[Black "Stluka, Frantisek"]
[Result "1-0"]
[WhiteElo "2460"]
[BlackElo "2140"]

1.Nf3 Nf6 2.c4 g6 3.g3 Bg7 4.Bg2 O-O 5.O-O d6 6.d4 Na6 7.Nc3 c5 8.h3 Bd7
9.b3 Qc8 10.Kh2 cxd4 11.Nxd4 Nc5 12.Bb2 Ne6 13.e3 Rb8 14.Rc1 Qd8 15.Qe2 a6
16.Rfd1 Re8 17.Nxe6 fxe6 18.e4 e5 19.c5 dxc5 20.Qc4+ Kh8 21.Qxc5 Rc8 22.Qe3 Qa5
23.a3 Rc6 24.b4 Qc7 25.Nd5 Nxd5 26.exd5 Rxc1 27.Rxc1 Qd6 28.Re1 e6 29.Bxe5 Bxe5
30.Qxe5+ Qxe5 31.Rxe5 exd5 32.Rxe8+ Bxe8 33.Bxd5 b6 34.f4 Kg7 35.Kg2 a5 36.bxa5 bxa5
37.Kf3 Kf6 38.Ke3 Bd7 39.h4 h6 40.Kd4 Kf5 41.Bf3 Ba4 42.Be4+  1-0

[Event "Klatovy op-A"]
[Site "Klatovy"]
[Date "1997.??.??"]
[Round "?"]
[White "Jirovsky, Milos"]
[Black "Kuljabin, Vadim"]
[Result "1-0"]
[WhiteElo "2460"]
[BlackElo "2360"]

1.Nf3 Nf6 2.c4 g6 3.g3 Bg7 4.Bg2 O-O 5.O-O d6 6.d4 Nc6 7.Nc3 a6 8.b3 Rb8
9.Nd5 Ne4 10.Bb2 e6 11.Nf4 f5 12.e3 Qe7 13.Qe2 Nd8 14.Nd2 Nxd2 15.Qxd2 Qf7
16.Nd3 Bd7 17.Rac1 g5 18.f4 Qg6 19.d5 b6 20.Bxg7 Qxg7 21.Qc3 Qxc3 22.Rxc3 h6
23.b4 Kg7 24.Ra3 Bc8 25.Kf2 Kf6 26.dxe6 Nxe6 27.Ke2 b5 28.c5 dxc5 29.bxc5 gxf4
30.gxf4 b4 31.Ra5 Bd7 32.c6 Be8 33.Rb1 Rb6 34.Rxb4 Bxc6 35.Bxc6 Rxc6 36.Ne5 Rd6
37.Nf3 Rg8 38.Kf2 Rgd8 39.Rb1 Rd3 40.Rxa6 R8d5 41.Rc1 Rd6 42.Ra8 Rb6 43.Rc2 Rb1
44.Rh8 Kg7 45.Rc8 Ra1 46.Ra8 Rd5 47.Rc6 Rd6 48.Rxd6 cxd6 49.a4 Ra2+ 50.Ke1 Nc5
51.a5 Kf6 52.Nd4 Ra3 53.Kd2 Nb3+ 54.Nxb3 Rxb3 55.a6 Ra3 56.a7 Kg7 57.h4 d5
58.h5 Kh7 59.Kc2 Kg7 60.Kb2 Ra6 61.Kb3 Ra1 62.Kb4  1-0

[Event "Koge op"]
[Site "Koge"]
[Date "1997.??.??"]
[Round "1"]
[White "Kengis, Edvins"]
[Black "Bekker Jensen, David"]
[Result "1-0"]
[WhiteElo "2590"]
[BlackElo "2140"]

1.Nf3 Nf6 2.c4 g6 3.g3 Bg7 4.Bg2 O-O 5.d4 c6 6.Nc3 d6 7.O-O Qa5 8.e4 e5 9.Rb1 exd4
10.Nxd4 Nbd7 11.b4 Qh5 12.Nce2 c5 13.bxc5 dxc5 14.Nf3 Ne5 15.Nf4 Nxf3+ 16.Bxf3 Qe5
17.Bb2 Qb8 18.e5 Nd7 19.e6 Nb6 20.exf7+ Rxf7 21.Qd8+ Rf8 22.Bd5+ Nxd5 23.Qxd5+ Rf7
24.Bxg7 Kxg7 25.Qxc5 Bf5 26.Qd4+ Kg8 27.Rb5 Qc7 28.Re1 Rc8 29.Rbe5  1-0

[Event "Krasnodar op"]
[Site "Krasnodar"]
[Date "1997.??.??"]
[Round "?"]
[White "Shushpanov, Vladimir"]
[Black "Zakharevich, Igor"]
[Result "0-1"]
[WhiteElo "2385"]
[BlackElo "2505"]

1.Nf3 Nf6 2.g3 g6 3.Bg2 Bg7 4.c4 O-O 5.O-O d6 6.d4 Nbd7 7.Nc3 e5 8.e4 exd4
9.Nxd4 Re8 10.h3 Nc5 11.Re1 c6 12.Bf4 Ne6 13.Nxe6 Bxe6 14.Bxd6 Bxc4 15.e5 Nd7
16.b3 Nxe5 17.Bxe5 Qxd1 18.Raxd1 Rxe5 19.Rxe5 Bxe5 20.bxc4 Bxc3 21.Rb1 Rd8
22.Rxb7 Rd1+ 23.Kh2 Rd2 24.Rxa7 Rxf2 25.g4 Kg7 26.a4 Ra2 27.Ra6 Kf6 28.h4 Be5+
29.Kg1 Bd4+ 30.Kh2 Ke5 31.Rxc6 Kf4 32.Rc7 f6 33.Rxh7 Be5 34.Rg7 Ke3+ 35.Kh3 Rxa4
36.Bf1 Kf3 37.Rd7 Bf4 38.Rd3+ Be3 39.Rxe3+ Kxe3 40.h5 gxh5 41.gxh5 Ra5  0-1

[Event "RUS-Cup7"]
[Site "Kstovo"]
[Date "1997.??.??"]
[Round "6"]
[White "Vaulin, Alexander"]
[Black "Usov, A."]
[Result "1-0"]
[WhiteElo "2490"]
[BlackElo "2320"]

1.c4 Nf6 2.Nf3 g6 3.g3 Bg7 4.Bg2 O-O 5.d4 c5 6.O-O Nc6 7.Nc3 cxd4 8.Nxd4 Nxd4
9.Qxd4 d6 10.Qd3 Bf5 11.e4 Be6 12.Bd2 Rc8 13.b3 Rc5 14.Rac1 Rh5 15.Nd5 Ng4
16.h4 Bh6 17.Bxh6 Nxh6 18.Nf4 Ra5 19.Qd2 Bc8 20.Nd5 e6 21.Ne7+ Kg7 22.Nxc8 Ra6
23.Nxa7  1-0